Hamilton Lyrics Sort #6 - Farmer Refuted - Statistics

General Stats
  • This quiz has been taken 38 times
  • The average score is 20 of 35
Answer Stats
Hint Answer % Correct
Line 4 Heed not the rabble who scream, "Revolution!"
89%
Line 2 My name is Samuel Seabury
83%
Line 5 They have not your interests at heart
83%
Line 3 And I present "Free Thoughts on the Proceedings of the Continental Congress"
78%
Line 1 Hear ye, hear ye!
78%
Line 11 I pray the king shows you his mercy
78%
Line 12 For shame [1]
72%
Line 13 For shame [2]
72%
Line 7 Chaos and bloodshed are not a solution
67%
Line 8 Don't let them lead you astray
67%
Line 10 They're playing a dangerous game
67%
Line 9 This Congress does not speak for me (let him be)
67%
Line 17 Chaos and bloodshed already haunt us (chaos and bloodshed are not a solution)
61%
Line 6 Oh my God, tear this dude apart
61%
Line 15 Revolution is coming the have-nots are gonna win this (they have not your interests at heart)
61%
Line 14 Yeah he'd have you all unravel at the sound of scream but the (heed not the rabble who scream)
56%
Line 29 Alexander, please!
50%
Line 33 A message from the King! [1]
50%
Line 34 A message from the King! [2]
50%
Line 35 A message from the King! [3]
50%
Line 30 Burr, I'd rather be divisive than indecisive
50%
Line 22 (I pray the king shows you his mercy) is he in Jersey?
50%
Line 16 It's hard to listen to you with a straight face
50%
Line 21 (They're playing a dangerous game) but strangely, your mange is the same
50%
Line 20 (This Congress does not speak for me) my dog speaks more eloquently than thee
50%
Line 28 Why should a tiny island across the sea regulate the price of tea
50%
Line 31 Drop the niceties
44%
Line 25 (Heed-) if you repeat yourself again, I'm gonna scream
44%
Line 18 Honestly, you shouldn't even talk, and what about Boston? (Don't let them lead you astray)
44%
Line 27 (Not your interests-) don't modulate the key then not debate with me
44%
Line 26 (Scream-) honestly, look at me, please don't read-
44%
Line 32 Silence!
44%
Line 23 (For shame) for the revolution! [1]
39%
Line 24 (For shame) for the revolution! [2]
39%
Line 19 Look at the cost and all that we've lost, and you talk about Congress?
39%
No matching quizzes found
Score Distribution
Percent of People with Each Score
Percentile by Number Answered
Your Score History
You have not taken this quiz